| 000 | 01667nam a2200349 i 4500 | ||
|---|---|---|---|
| 003 | DO-SdBNP | ||
| 005 | 20260312094212.0 | ||
| 007 | ta | ||
| 008 | 210322b2019 dr 020dr eng d | ||
| 020 | _a9789945613322 | ||
| 040 |
_aDO-SdBNP _bspa _cBNPHU _erda |
||
| 041 | _aspa | ||
| 082 | 4 |
_a972.9403 _bC569e _222 |
|
| 245 | 0 | 0 |
_a101 escritos de Toussaint Louverture : _bcartas, decretos, proclamas, discursos, ordenanzas, arengas, conversaciones, comunicados, reglamentos, bandos, avisos, anuncios, la Constitución de 1801, sus memorias 1791-1804 / _ccompilador, Carlos Esteban Deive. |
| 246 | 1 | 2 |
_aCiento un escritos de Tousaint Louverture : _bcartas, decretos, proclamas, discursos, ordenanzas, arengas, conversaciones, comunicados, reglamentos, bando, avisos, anuncios, la constitución de 1801, sus memorias 1791-1804 / |
| 264 | 4 |
_aSanto Domingo, República Dominicana : _bArchivo General de la Nación, _c©2019. |
|
| 300 |
_a213 páginas ; _c23 cm. |
||
| 336 |
_atexto _btxt _2rdacontent |
||
| 337 |
_asin mediación _bn _2rdamedia |
||
| 338 |
_avolumen _bnc _2rdacarrier |
||
| 490 | 0 |
_aArchivo General de la Nación _v366 |
|
| 500 | _aIncluye referencias bibliográficas y notas al pie de las páginas | ||
| 500 | _aIncluye datos biográficos del autor en las solapas | ||
| 504 | _aBibliografía : p. 187-189 | ||
| 590 | _aInventariado, 2021/BT | ||
| 600 | 1 | 4 |
_aToussaint Louverture, _d1743-1803 _975451 |
| 651 | 4 |
_aHaiti _xHistoria _yRevolución, 1791-1804 _99645 |
|
| 651 | 4 |
_aHaití _xHistoria militar _938770 |
|
| 700 | 1 |
_aDeive, Carlos Esteban, _d1935-2019 _ecompilador _91916 _4comp. |
|
| 910 | _aValidado. Control de calidad MFF | ||
| 942 |
_2ddc _cLBS1 |
||
| 999 |
_c49650 _d49650 |
||